| 000 | 00417nam a2200181Ia 4500 | ||
|---|---|---|---|
| 008 | 210210b1876 xxu||||| |||| 00| 0 eng d | ||
| 041 | _aeng | ||
| 082 | _a822/1250 | ||
| 100 | _aWALTON (I) | ||
| 245 | _aCompleat angler: Jesse Ed | ||
| 260 |
_aLondon _bGeorge Bell and Sons _c1876 |
||
| 650 | _aJesse | ||
| 650 | _aEd | ||
| 650 | _aCompleat | ||
| 650 | _aangler: | ||
| 690 | _aEnglish Prose | ||
| 906 | _a013432 | ||
| 999 |
_c132301 _d132301 |
||